000 00864nam a2200253 a 4500
001 BRCA_5557
005 20190320205129.0
008 300311s1943----nyua######---#000-0#eng-#
041 _aeng
044 _anyu
050 4 _aN610
_b.M46 1943
245 1 0 _aMasterpieces in the collection of George Blumenthal
_ba special collection
_cthe Metropolitan Museum of Art.
260 _aNueva York
_bThe Metropolitan Museum of Art
_c1943
300 _a1 v. (sin paginación)
_bil., 42 láminas
_c26 cm.
500 _aF32
600 1 4 _aBlumenthal, George
_xColecciones de arte
_914183
650 1 4 _aArte
_zNueva York
_910583
650 1 4 _aGalerías y museos
_zEstados Unidos
_97437
650 1 4 _aColeccionistas y colecciones
_914184
650 1 4 _aArte
_xColecciones particulares
_97906
710 2 _aThe Metropolitan Museum of Art
_914185
902 _aGFM
942 _2lcc
_cB
999 _c5251
_d5251